| 000 | 00318nam a22000977a 4500 | ||
|---|---|---|---|
| 999 |
_c23366 _d23366 |
||
| 003 | Nust | ||
| 005 | 20170316124402.0 | ||
| 008 | 130411b xxu||||| |||| 00| 0 eng d | ||
| 020 |
_cAvalable _a8129706911 |
||
| 040 |
_aDLC _bDLC _cRCMS |
||
| 082 |
_a621.3827BRE _b000090 |
||
| 100 | _aBernstein, Greg | ||
| 245 | _aOptical Network Control Architecture,Protocols,and Standards | ||
| 260 |
_aIndia _bPearson Education _cc2004 |
||
| 300 |
_axvii,444,p: _bill: _c26,cm. |
||
| 650 | _aComputer Networking | ||
| 856 | _3Table of Content Only | ||
| 942 |
_2ddc _cBK |
||